[Event "Weekend Vitinia"]
[Site "Roma ITA"]
[Date "1997.11.??"]
[Round "4"]
[White "Marta, Daniele"]
[Black "Cenni, Franco"]
[Result "1-0"]
[WhiteElo "1816"]
[BlackElo "1663"]
[PlyCount "87"]
[EventDate "1997.11.??"]

1. Nf3 Nf6 2. d4 d5 3. Bg5 e6 4. Nbd2 Be7 5. Bxf6 Bxf6 6. e4 dxe4 7. Nxe4 O-O
8. Nxf6+ Qxf6 9. c3 Nc6 10. Bd3 Bd7 11. Qe2 Rfe8 12. Ne5 Nxe5 13. Qxe5 Qxe5+
14. dxe5 Bc6 15. O-O Rad8 16. Rad1 Rd5 17. f4 Red8 18. Bc2 Rd2 19. Rxd2 Rxd2
20. Rf2 Rd7 21. g3 b5 22. Kf1 a5 23. a3 g6 24. Ke1 Kf8 25. Rd2 Ke7 26. Rxd7+
Bxd7 27. Kd2 c5 28. Ke3 Bc6 29. b4 axb4 30. axb4 c4 31. Kd4 Kd7 32. Kc5 Kc7 33.
h4 h5 34. Bd1 Be8 35. Bf3 Bd7 36. g4 hxg4 37. Bxg4 Bc6 38. Be2 Bd7 39. Bf3 Be8
40. h5 gxh5 41. Bxh5 Kd8 42. Kd6 Kc8 43. Ke7 Bd7 44. Bxf7 1-0

[Event "Weekend Vitinia"]
[Site "Roma ITA"]
[Date "1997.11.??"]
[Round "4"]
[White "Marzano, Carlo"]
[Black "Lavieri, Doriano"]
[Result "1/2-1/2"]
[WhiteElo "2160"]
[BlackElo "1855"]
[PlyCount "33"]
[EventDate "1997.11.??"]

1. d4 d5 2. Nf3 e6 3. Bf4 Bd6 4. e3 Ne7 5. Nbd2 Ng6 6. Bg3 c5 7. c3 Nc6 8. Bd3
b6 9. O-O O-O 10. e4 Bxg3 11. hxg3 cxd4 12. Nxd4 Nxd4 13. cxd4 dxe4 14. Bxe4
Rb8 15. Nf3 Bb7 16. Qe2 Qd6 17. Rfd1 1/2-1/2

[Event "Weekend Vitinia"]
[Site "Roma ITA"]
[Date "1997.11.??"]
[Round "4"]
[White "Mazziotto, Nicola"]
[Black "Barro, Carlo"]
[Result "0-1"]
[WhiteElo "1570"]
[BlackElo "1747"]
[PlyCount "101"]
[EventDate "1997.11.??"]

1. e4 d6 2. d4 Nf6 3. Nc3 g6 4. Nf3 Bg7 5. h3 O-O 6. Be3 c6 7. a4 Qc7 8. Be2 a5
9. O-O Na6 10. Bxa6 bxa6 11. b3 Bb7 12. Rc1 Rfd8 13. Qe2 h6 14. Ne1 c5 15. d5
Rac8 16. Bf4 Nh5 17. Bd2 c4 18. Na2 Kh7 19. g4 Nf6 20. Nf3 Ng8 21. Qe1 c3 22.
Be3 e6 23. dxe6 fxe6 24. Bd4 Rf8 25. Bxg7 Qxg7 26. Qe3 Nf6 27. Nd4 Qf7 28. Nxc3
Rc5 29. f3 Rfc8 30. Nde2 Qe7 31. Rfd1 Nd7 32. Rd2 Ne5 33. Nb1 Nf7 34. Na3 h5
35. Nc4 hxg4 36. hxg4 Kg7 37. Nf4 e5 38. Nd3 R5c7 39. Nxa5 Rh8 40. Rh2 Rxh2 41.
Kxh2 Qh4+ 42. Kg2 Bc8 43. Qf2 Qg5 44. Nc4 Be6 45. Nd2 Rc3 46. Qe2 Nh6 47. Nf2
Re3 48. Qxa6 Bxg4 49. fxg4 Nxg4 50. Nh3 Qh4 51. Nf3 0-1

[Event "Weekend Vitinia"]
[Site "Roma ITA"]
[Date "1997.11.??"]
[Round "4"]
[White "Montecchi, Ugo"]
[Black "Pezzaldi, Roberto"]
[Result "1-0"]
[WhiteElo "1833"]
[BlackElo "2095"]
[PlyCount "85"]
[EventDate "1997.11.??"]

1. e4 e6 2. b3 d5 3. Bb2 dxe4 4. Nc3 Nf6 5. Qe2 Be7 6. O-O-O Qd4 7. f3 exf3 8.
Nxf3 Qb6 9. Ne5 Nbd7 10. Nc4 Qc6 11. Nb5 a6 12. Nd4 Qe4 13. Qf2 c5 14. Bd3 Qd5
15. Nf3 b5 16. Ne3 Qc6 17. Rhf1 Bb7 18. Ng5 h6 19. Nxf7 Kxf7 20. Qg3 g5 21. Ng4
Raf8 22. Bxf6 Bxf6 23. Rxf6+ Ke7 24. Rxh6 Rxh6 25. Nxh6 Qxg2 26. Qe3 Rf3 27.
Ng8+ Kd6 28. Be4 Bxe4 29. Qxe4 Rf2 30. Qd3+ Qd5 31. Qg3+ Qe5 32. d4 Qxg3 33.
dxc5+ Kxc5 34. hxg3 Kc6 35. Ne7+ Kc7 36. Ng8 Rf3 37. g4 Rf4 38. Kb2 Rxg4 39.
Rxd7+ Kxd7 40. Nf6+ Kd6 41. Nxg4 e5 42. Kc3 Ke6 43. Ne3 1-0

[Event "Weekend Vitinia"]
[Site "Roma ITA"]
[Date "1997.11.??"]
[Round "4"]
[White "Moroni, Marco"]
[Black "Galeno, Giorgio"]
[Result "0-1"]
[WhiteElo "1806"]
[BlackElo "1764"]
[PlyCount "58"]
[EventDate "1997.11.??"]

1. e4 d6 2. d4 Nf6 3. Nc3 g6 4. Be2 Bg7 5. Nf3 O-O 6. O-O c6 7. Re1 Qc7 8. Bg5
Nbd7 9. a4 a5 10. Rb1 e5 11. dxe5 dxe5 12. Be3 Ng4 13. Bg5 h6 14. Bh4 Nc5 15.
Bc4 Be6 16. Bxe6 Nxe6 17. Ne2 Nf4 18. c3 Nf6 19. Qc2 g5 20. Bg3 Rfd8 21. Bxf4
gxf4 22. Nh4 Rd7 23. Rbd1 Rad8 24. Rxd7 Rxd7 25. Nf5 Qd8 26. Nxg7 Kxg7 27. f3
Rd2 28. Qb1 Qb6+ 29. Kh1 Qf2 0-1

[Event "Weekend Vitinia"]
[Site "Roma ITA"]
[Date "1997.11.??"]
[Round "4"]
[White "Perotti, Germano"]
[Black "Viscogliosi, Enzo"]
[Result "0-1"]
[WhiteElo "1630"]
[BlackElo "1732"]
[PlyCount "92"]
[EventDate "1997.11.??"]

1. d4 Nf6 2. c4 e6 3. Nf3 b6 4. g3 Bb7 5. Bg2 Be7 6. O-O O-O 7. d5 exd5 8. Nh4
Bc5 9. cxd5 Re8 10. Re1 d6 11. Nc3 Ng4 12. e3 Qg5 13. Ne4 Rxe4 14. Bxe4 Nd7 15.
h3 Re8 16. Qxg4 Qxg4 17. Bxh7+ Kxh7 18. hxg4 Bxd5 19. Bd2 a5 20. Bc3 g5 21. Nf5
Bf3 22. a3 a4 23. Bd4 Kg6 24. Rec1 f6 25. Kf1 Bxg4 26. Bxc5 bxc5 27. e4 Rxe4
28. Ne3 Bf3 29. Rc4 Ne5 30. Rxe4 Bxe4 31. Rd1 Bd3+ 32. Kg2 c6 33. f4 Be4+ 34.
Kf2 Nd3+ 35. Ke2 gxf4 36. gxf4 Nxf4+ 37. Kd2 d5 38. Rg1+ Kf7 39. Nd1 Nd3 40.
Rg3 c4 41. Kc3 Ke6 42. Rg7 f5 43. Rg6+ Kd7 44. Rg7+ Kd6 45. Ra7 f4 46. Rxa4 Bf3
0-1

[Event "Weekend Vitinia"]
[Site "Roma ITA"]
[Date "1997.11.??"]
[Round "4"]
[White "Piccioni, Marco"]
[Black "De Francesco, Massimo"]
[Result "1/2-1/2"]
[WhiteElo "1651"]
[BlackElo "1740"]
[PlyCount "42"]
[EventDate "1997.11.??"]

1. e4 e6 2. d4 d5 3. Nc3 Bb4 4. Nge2 dxe4 5. a3 Bxc3+ 6. Nxc3 Nc6 7. Bb5 Nf6 8.
Bg5 h6 9. Bxf6 Qxf6 10. Nxe4 Qf5 11. Qd3 O-O 12. O-O-O Nxd4 13. Qxd4 Qxb5 14.
f4 b6 15. Rd3 Qf5 16. Rg3 Qxf4+ 17. Kb1 e5 18. Qc3 Qxe4 19. Re1 Qd4 20. Qf3 Be6
21. Qf6 g6 1/2-1/2

[Event "Weekend Vitinia"]
[Site "Roma ITA"]
[Date "1997.11.??"]
[Round "4"]
[White "Ricca, Roberto"]
[Black "Michelena, Rodolfo"]
[Result "1-0"]
[WhiteElo "2145"]
[BlackElo "1813"]
[PlyCount "75"]
[EventDate "1997.11.??"]

1. f4 b6 2. e4 Bb7 3. d3 e6 4. Nf3 Be7 5. Be3 Nh6 6. Nc3 Ng4 7. Bg1 d6 8. Qd2
Nc6 9. O-O-O e5 10. h3 Nf6 11. g4 exf4 12. Qxf4 Nd7 13. d4 Nf8 14. Be3 Ng6 15.
Qg3 Qd7 16. h4 O-O-O 17. h5 Nf8 18. d5 Nb4 19. a3 Na6 20. Bb5 c6 21. dxc6 Bxc6
22. Bxa6+ Kb8 23. Nd4 Ne6 24. Nxc6+ Qxc6 25. Bb5 Qc7 26. Nd5 Qb7 27. e5 Bg5 28.
exd6 Bxe3+ 29. Nxe3 a6 30. Bc4 Nc5 31. Bd5 Qd7 32. Bg2 Rc8 33. Nd5 Rc6 34. Ne7
Rcc8 35. Qf3 Ka7 36. Nc6+ Rxc6 37. Qxc6 Qxg4 38. Qc7+ 1-0

[Event "Weekend Vitinia"]
[Site "Roma ITA"]
[Date "1997.11.??"]
[Round "4"]
[White "Rotondi, Paolo"]
[Black "Mastroddi, Emiliano"]
[Result "0-1"]
[WhiteElo "1660"]
[BlackElo "1753"]
[PlyCount "86"]
[EventDate "1997.11.??"]

1. c4 Nf6 2. Nc3 g6 3. g3 Bg7 4. Bg2 O-O 5. Nf3 c6 6. O-O d5 7. cxd5 cxd5 8. d4
Nc6 9. Qb3 e6 10. Bg5 h6 11. Bxf6 Bxf6 12. e3 Na5 13. Qc2 b6 14. h4 h5 15. e4
dxe4 16. Nxe4 Bg7 17. b4 Nb7 18. Rad1 Qe7 19. Qb3 Nd6 20. Nxd6 Qxd6 21. Ng5 Rb8
22. d5 e5 23. f4 Bg4 24. Rd2 exf4 25. Rxf4 Bf5 26. Qf3 Qd7 27. Qf1 Be5 28. Rf3
Bg4 29. Re3 Rbe8 30. Ne4 Bf5 31. Kh2 Bxe4 32. Bxe4 Bxg3+ 33. Rxg3 Rxe4 34. Qf6
Kh7 35. Rxg6 fxg6 36. Qxf8 Rxh4+ 37. Kg1 Qg4+ 38. Rg2 Qd4+ 39. Rf2 Rg4+ 40. Kh2
Qe5+ 41. Kh1 Qe1+ 42. Kh2 Qg1+ 43. Kh3 Qg3# 0-1

[Event "Weekend Vitinia"]
[Site "Roma ITA"]
[Date "1997.11.??"]
[Round "4"]
[White "Scagliarini, Bruno"]
[Black "Spano' Cuomo, Gaetano"]
[Result "1-0"]
[WhiteElo "1974"]
[BlackElo "1641"]
[PlyCount "100"]
[EventDate "1997.11.??"]

1. c4 e5 2. g3 Nf6 3. Bg2 c5 4. Nc3 Nc6 5. e3 d6 6. Nge2 g6 7. d3 Bg7 8. a3 O-O
9. Rb1 a5 10. O-O Ne8 11. Nd5 f5 12. b4 Ne7 13. bxc5 dxc5 14. Nec3 Ra6 15. Na4
Qd6 16. Ndb6 Nf6 17. Nxc8 Rxc8 18. Bxb7 Rb8 19. Bxa6 Rxb1 20. Bb5 f4 21. Qc2 f3
22. h3 Ra1 23. Nc3 e4 24. dxe4 Qe5 25. Nd5 Nexd5 26. cxd5 Qh5 27. Rd1 Qxh3 28.
Bf1 Qh5 29. Qxc5 Ng4 30. Qc8+ Bf8 31. Qe6+ Kg7 32. Bb2+ Kh6 33. Qxg4 Qxg4 34.
Bxa1 Qxe4 35. Rd4 Qb1 36. Rh4+ Kg5 37. Be5 Qa2 38. Rd4 Kf5 39. Bc7 Bc5 40. Rd3
Bxa3 41. d6 a4 42. d7 Be7 43. d8=Q Bxd8 44. Bxd8 h5 45. Bc7 g5 46. Bd6 h4 47.
gxh4 gxh4 48. Bh3+ Kf6 49. Rd4 Qb1+ 50. Kh2 a3 1-0

[Event "Weekend Vitinia"]
[Site "Roma ITA"]
[Date "1997.11.??"]
[Round "4"]
[White "Sternini, Cristiano"]
[Black "Scacco, Mauro"]
[Result "1-0"]
[WhiteElo "1582"]
[BlackElo "2045"]
[PlyCount "53"]
[EventDate "1997.11.??"]

1. e4 a6 2. Nf3 b5 3. d4 e6 4. Bd3 Bb7 5. O-O Nf6 6. Re1 Be7 7. a3 d6 8. b4 O-O
9. Nbd2 e5 10. dxe5 dxe5 11. Bb2 c5 12. bxc5 Bxc5 13. Nxe5 Qb6 14. Qe2 Re8 15.
Nb3 Bd6 16. Bd4 Qc7 17. f4 Nfd7 18. Nxd7 Qxd7 19. e5 g6 20. Qf2 Bf8 21. Bc5 Bg7
22. Bd6 Bd5 23. Rad1 Nc6 24. Nc5 Qxd6 25. exd6 Bd4 26. Rxe8+ Rxe8 27. d7 1-0

[Event "Weekend Vitinia"]
[Site "Roma ITA"]
[Date "1997.11.??"]
[Round "4"]
[White "Vannelli, Vittorio"]
[Black "Del Castello, Lucio"]
[Result "1/2-1/2"]
[WhiteElo "1636"]
[BlackElo "1552"]
[PlyCount "56"]
[EventDate "1997.11.??"]

1. e4 e5 2. Nf3 Nc6 3. Bc4 Nf6 4. Ng5 d5 5. exd5 Na5 6. Bb5+ c6 7. dxc6 bxc6 8.
Be2 h6 9. Nh3 Bc5 10. d3 O-O 11. Bxh6 gxh6 12. Qd2 Kh7 13. b4 Bxh3 14. gxh3 Qd4
15. c3 Qxf2+ 16. Kd1 Be3 17. Qc2 Rg8 18. Nd2 Rad8 19. bxa5 Ne4 20. Rf1 Rg1 21.
Rxg1 Qxg1+ 22. Nf1 Nd2 23. Qa4 Nxf1 24. Qe4+ Kg8 25. Kc2 Qf2 26. Qg4+ Bg5 27.
Rxf1 Qe3 28. Rd1 Qf4 1/2-1/2

[Event "Weekend Vitinia"]
[Site "Roma ITA"]
[Date "1997.11.??"]
[Round "4"]
[White "Vanzan, Alessandro"]
[Black "Buffoni, Luca"]
[Result "0-1"]
[WhiteElo "1528"]
[BlackElo "1651"]
[PlyCount "91"]
[EventDate "1997.11.??"]

1. c4 e6 2. Nc3 Nf6 3. e4 d5 4. e5 d4 5. exf6 dxc3 6. bxc3 Qxf6 7. d4 c5 8. Nf3
h6 9. Be2 Nc6 10. O-O Be7 11. Be3 O-O 12. d5 exd5 13. cxd5 Ne5 14. Nd2 Bf5 15.
c4 Bd6 16. Nb3 b6 17. Rc1 Rfe8 18. Re1 Qg6 19. Rc3 Rad8 20. Bc1 Ng4 21. g3 Be5
22. Rd3 Bxd3 23. Bxd3 Qh5 24. h4 Bc3 25. Rxe8+ Rxe8 26. Be3 Nf6 27. Be2 Qe5 28.
Nc1 Ne4 29. Bf4 Qd4 30. Nd3 Qxc4 31. Ne5 Qxa2 32. Nc6 Nxg3 33. Bxg3 Rxe2 34.
Qd3 Qc2 35. Qxc2 Rxc2 36. d6 Rd2 37. Nb8 Bf6 38. d7 Bd8 39. Kg2 Kf8 40. Kf3 Ke7
41. Ke4 Rxd7 42. Nxd7 Kxd7 43. Kd5 Be7 44. f4 a5 45. Kc4 Kc6 46. Be1 0-1

[Event "Weekend Vitinia"]
[Site "Roma ITA"]
[Date "1997.11.??"]
[Round "4"]
[White "Viscardi, Riccardo"]
[Black "Ridolfi, Raffaele"]
[Result "1/2-1/2"]
[WhiteElo "1600"]
[BlackElo "1633"]
[PlyCount "55"]
[EventDate "1997.11.??"]

1. d4 Nf6 2. c4 g6 3. Nc3 d5 4. cxd5 Nxd5 5. e4 Nxc3 6. bxc3 Bg7 7. Bc4 c5 8.
Ne2 O-O 9. O-O Nc6 10. Be3 Qc7 11. Rc1 Rd8 12. f4 b6 13. f5 gxf5 14. exf5 Na5
15. Bd3 Bb7 16. Qe1 Bf6 17. Rf4 Kh8 18. Be4 Bg5 19. f6 Rg8 20. fxe7 Qxe7 21.
Ng3 Bxf4 22. Bxf4 Bxe4 23. Nxe4 Rg6 24. Be5+ f6 25. Qh4 Nc6 26. Bxf6+ Rxf6 27.
Qxf6+ Qxf6 28. Nxf6 1/2-1/2

[Event "Weekend Vitinia"]
[Site "Roma ITA"]
[Date "1997.11.??"]
[Round "5"]
[White "Abuhamdieh, Arafat"]
[Black "Perotti, Germano"]
[Result "0-1"]
[WhiteElo "1294"]
[BlackElo "1630"]
[PlyCount "88"]
[EventDate "1997.11.??"]

1. e4 d6 2. d4 Nf6 3. Bd3 e5 4. dxe5 dxe5 5. Ne2 Be7 6. O-O O-O 7. Bg5 Nc6 8.
a3 Be6 9. Nd2 Qd7 10. b4 a6 11. Rc1 Rad8 12. Ng3 h6 13. Bxf6 Bxf6 14. h3 Nd4
15. Qh5 Bg5 16. Qd1 Nxc2 17. Bxc2 Bxd2 18. Rb1 Bc4 19. Ne2 Qc6 20. Bb3 Qxe4 21.
Bxc4 Qxc4 22. Ng3 Rd3 23. Qe2 Bf4 24. Ne4 Qd4 25. g3 Bxg3 26. Rbd1 Rd8 27. Rxd3
Qxd3 28. Qxd3 Rxd3 29. Nxg3 Rxa3 30. Rb1 Kf8 31. Kg2 g6 32. Rc1 c6 33. Rc4 f5
34. Ne2 Ke7 35. Nc3 Kd6 36. Nb1 Rd3 37. Nc3 b5 38. Rc5 a5 39. Na2 axb4 40. Rc1
c5 41. Kg1 Ra3 42. Rd1+ Kc6 43. Nc1 Rxh3 44. Nd3 Rh1+ 0-1

[Event "Weekend Vitinia"]
[Site "Roma ITA"]
[Date "1997.11.??"]
[Round "5"]
[White "Attanasi, Salvatore"]
[Black "Piccioni, Marco"]
[Result "1-0"]
[WhiteElo "1672"]
[BlackElo "1651"]
[PlyCount "95"]
[EventDate "1997.11.??"]

1. e4 e5 2. Nf3 Nc6 3. Bb5 a6 4. Ba4 Nf6 5. O-O b5 6. Bb3 Be7 7. Re1 O-O 8. a4
Bb7 9. d3 d6 10. c3 Na5 11. Bc2 c5 12. d4 Qc7 13. d5 b4 14. cxb4 cxb4 15. Nbd2
Rac8 16. Bd3 Qb8 17. Qe2 Qa7 18. b3 Bd8 19. Bb2 Bb6 20. h3 Nd7 21. Rac1 Nc5 22.
Bc4 Rc7 23. Nxe5 dxe5 24. Bxe5 Rcc8 25. Qg4 f6 26. Bf4 Nxc4 27. Nxc4 Nd3 28.
Qe6+ Kh8 29. Nxb6 Rxc1 30. Rxc1 Nxf4 31. Qd6 Re8 32. Qd7 Rg8 33. Rc6 Ne2+ 34.
Kf1 Nd4 35. a5 Nxb3 36. Rc7 Nxa5 37. Qd6 b3 38. Qb4 Qb8 39. Rc5 Qe5 40. Rxa5
Qb2 41. Qe1 Qc2 42. Na4 b2 43. Nxb2 Qxb2 44. Ra1 Qb5+ 45. Kg1 Rc8 46. Rb1 Qd7
47. Qb4 Ba8 48. Qb6 1-0

[Event "Weekend Vitinia"]
[Site "Roma ITA"]
[Date "1997.11.??"]
[Round "5"]
[White "Barro, Carlo"]
[Black "Ricca, Roberto"]
[Result "1-0"]
[WhiteElo "1747"]
[BlackElo "2145"]
[PlyCount "63"]
[EventDate "1997.11.??"]

1. Nf3 f5 2. d3 Nf6 3. e4 fxe4 4. dxe4 Nxe4 5. Bd3 Nf6 6. Ng5 g6 7. Nxh7 Rxh7
8. Bxg6+ Rf7 9. g4 e6 10. Qf3 Qe7 11. Bg5 Bg7 12. Nc3 Nc6 13. O-O-O Ne5 14.
Bxf7+ Qxf7 15. Qe2 Nexg4 16. f4 Nh6 17. Rhe1 Nf5 18. Nb5 Kf8 19. Nxc7 Rb8 20.
Qe5 Nd5 21. Nxe6+ dxe6 22. Qxb8 Qd7 23. Rd3 Qc6 24. Qxa7 Nb4 25. Rd2 Bd4 26.
Qa3 Bc5 27. Qh3 Bd4 28. Bh6+ Nxh6 29. Qxh6+ Bg7 30. Rd8+ Ke7 31. Qxg7+ Kxd8 32.
Qf8+ 1-0

[Event "Weekend Vitinia"]
[Site "Roma ITA"]
[Date "1997.11.??"]
[Round "5"]
[White "Capone, Gioacchino"]
[Black "Cordelli, Benedetto"]
[Result "1-0"]
[WhiteElo "1699"]
[BlackElo "1600"]
[PlyCount "121"]
[EventDate "1997.11.??"]

1. e4 c5 2. Nf3 d6 3. d4 cxd4 4. Nxd4 Nf6 5. Nc3 g6 6. Be3 Bg7 7. Be2 O-O 8.
Qd2 Nc6 9. Nb3 Bd7 10. f3 Rc8 11. g4 a6 12. h4 h5 13. g5 Ne8 14. Nd5 Rb8 15.
Bb6 Qc8 16. O-O-O Ra8 17. Na5 Kh7 18. Nc4 Be6 19. Nce3 Qd7 20. f4 Bxd5 21. exd5
Na7 22. Bd4 Qa4 23. Kb1 Qxd4 24. Qxd4 Bxd4 25. Rxd4 Nb5 26. Bxb5 axb5 27. Re4
Ra4 28. Rxe7 Rxf4 29. Rxb7 Rf3 30. Nd1 Ng7 31. Rxb5 Re8 32. a4 Re2 33. a5 Nf5
34. Rb4 Re8 35. Rb6 Nxh4 36. Rxh4 Re1 37. Rd4 Rff1 38. Kc1 Kg7 39. Rb3 h4 40.
Rh3 Rg1 41. a6 Rxg5 42. Rhxh4 Rge5 43. b4 g5 44. Rhg4 Kg6 45. a7 Re8 46. b5 f5
47. Rg2 f4 48. Rxf4 R1e2 49. Rxe2 Rxe2 50. Rf8 Kh5 51. a8=Q Kg4 52. Qa4+ Kh5
53. Rh8+ Kg6 54. Qg4 Re7 55. Rg8+ Rg7 56. Rxg7+ Kxg7 57. Qxg5+ Kf7 58. b6 Ke8
59. b7 Kd7 60. Qg7+ Kd8 61. b8=Q# 1-0

[Event "Weekend Vitinia"]
[Site "Roma ITA"]
[Date "1997.11.??"]
[Round "5"]
[White "Chiaretti, Roberto"]
[Black "Marzano, Carlo"]
[Result "1/2-1/2"]
[WhiteElo "2150"]
[BlackElo "2160"]
[PlyCount "62"]
[EventDate "1997.11.??"]

1. e4 g6 2. d4 Bg7 3. Nf3 d6 4. Bc4 Nf6 5. Qe2 Nc6 6. e5 dxe5 7. dxe5 Ng4 8. e6
O-O 9. exf7+ Kh8 10. O-O Nd4 11. Nxd4 Qxd4 12. Bb3 Qd6 13. g3 Ne5 14. Nd2 Nxf7
15. Nc4 Qf6 16. Bd2 e5 17. f4 Bh3 18. Rf2 Rae8 19. fxe5 Qe7 20. Re1 Ng5 21. Rf4
Be6 22. Rxf8+ Rxf8 23. Rf1 Qc5+ 24. Ne3 Rxf1+ 25. Kxf1 Bxb3 26. axb3 Qxe5 27.
Bc3 Qe4 28. Ng2 Qf5+ 29. Kg1 Bxc3 30. bxc3 Qc5+ 31. Qe3 Qf5 1/2-1/2

[Event "Weekend Vitinia"]
[Site "Roma ITA"]
[Date "1997.11.??"]
[Round "5"]
[White "De Carolis, Massimo"]
[Black "Palombi, Roberto"]
[Result "1/2-1/2"]
[WhiteElo "1699"]
[BlackElo "2055"]
[PlyCount "48"]
[EventDate "1997.11.??"]

1. d4 Nf6 2. Nf3 e6 3. c4 c5 4. d5 exd5 5. cxd5 d6 6. Nc3 g6 7. e4 Bg7 8. Be2
O-O 9. O-O Re8 10. Nd2 a6 11. a4 b6 12. f3 Nbd7 13. Nc4 Ne5 14. Be3 Bb7 15. Qc2
Bxd5 16. Nxd6 Qxd6 17. Rad1 Qe7 18. Nxd5 Nxd5 19. Rxd5 Nc6 20. Qd2 Bd4 21. Bxd4
Nxd4 22. Bd3 Red8 23. Rxd8+ Rxd8 24. Qc3 b5 1/2-1/2

[Event "Weekend Vitinia"]
[Site "Roma ITA"]
[Date "1997.11.??"]
[Round "5"]
[White "De Francesco, Massimo"]
[Black "Bruno, Fabio"]
[Result "1-0"]
[WhiteElo "1740"]
[BlackElo "2260"]
[PlyCount "67"]
[EventDate "1997.11.??"]

1. c4 Nf6 2. Nc3 g6 3. b4 Bg7 4. Bb2 d6 5. e3 Nc6 6. Qb3 e5 7. Be2 Be6 8. Nf3
h6 9. d4 e4 10. Nd2 Bf5 11. b5 Ne7 12. Qc2 O-O 13. Ndxe4 d5 14. cxd5 Nfxd5 15.
Qb3 c6 16. O-O Re8 17. Bc4 Rc8 18. Ba3 Rc7 19. Nd6 Nxc3 20. Bxf7+ Kf8 21. Bxe8
Ncd5 22. Nxf5 Qxe8 23. Bxe7+ Rxe7 24. Nxe7 Qxe7 25. Rac1 Qd6 26. bxc6 bxc6 27.
Qb7 Ne7 28. Qxa7 Nf5 29. Qa8+ Kf7 30. Rxc6 Qe7 31. Qa5 Kg8 32. Rxg6 Qe4 33. Qe5
Qc2 34. g4 1-0

[Event "Weekend Vitinia"]
[Site "Roma ITA"]
[Date "1997.11.??"]
[Round "5"]
[White "Del Castello, Lucio"]
[Black "Moroni, Marco"]
[Result "0-1"]
[WhiteElo "1552"]
[BlackElo "1806"]
[PlyCount "94"]
[EventDate "1997.11.??"]

1. e4 Nc6 2. Nf3 e5 3. Bb5 a6 4. Ba4 Nf6 5. O-O b5 6. Bb3 Be7 7. Re1 O-O 8. d4
d6 9. c3 Bg4 10. d5 Na5 11. Bc2 Nb7 12. Nbd2 Qd7 13. Nf1 c6 14. h3 Bh5 15. Ng3
Bg6 16. dxc6 Qxc6 17. Nh4 Rac8 18. Nhf5 Bd8 19. Bg5 Re8 20. Rc1 Nd7 21. Qg4 Nf8
22. Bb3 Nc5 23. Bd5 Qc7 24. Bxd8 Rcxd8 25. Rcd1 Nfe6 26. b4 Na4 27. h4 Nf4 28.
h5 Nxd5 29. hxg6 fxg6 30. exd5 gxf5 31. Nxf5 Rf8 32. Rd3 Qd7 33. Rf3 Kh8 34.
Qg5 g6 35. Ne7 Rxf3 36. gxf3 Kg7 37. f4 Re8 38. Nc6 e4 39. Nd4 Nxc3 40. Ne6+
Rxe6 41. dxe6 Qxe6 42. Re3 Nd5 43. Re1 h6 44. Qd8 Nxf4 45. Qh4 g5 46. Qg3 d5
47. Kh2 Qe5 0-1

[Event "Weekend Vitinia"]
[Site "Roma ITA"]
[Date "1997.11.??"]
[Round "5"]
[White "Di Lascio, Savino"]
[Black "Scagliarini, Bruno"]
[Result "1-0"]
[WhiteElo "1708"]
[BlackElo "1974"]
[PlyCount "101"]
[EventDate "1997.11.??"]

1. Nf3 Nf6 2. c4 e6 3. g3 d5 4. Bg2 c6 5. b3 Be7 6. O-O Nbd7 7. Bb2 O-O 8. Qc2
b6 9. d3 Bb7 10. Nbd2 Rc8 11. Rad1 Qc7 12. e4 dxe4 13. dxe4 Rfd8 14. Bh3 Nc5
15. e5 Ne8 16. Ne4 Nxe4 17. Qxe4 Rxd1 18. Rxd1 Rd8 19. Rxd8 Qxd8 20. Qd4 Qc8
21. Qd3 Nc7 22. a3 a5 23. Nd2 Na6 24. Ne4 Nc5 25. Nxc5 Bxc5 26. Kf1 b5 27. Ke1
Ba6 28. Bg2 a4 29. b4 Be7 30. c5 Bb7 31. Be4 g6 32. Ke2 Qd8 33. Qc2 Bf8 34. f4
h5 35. Bxg6 fxg6 36. Qxg6+ Bg7 37. Qxe6+ Kh8 38. f5 Qd5 39. Qxd5 cxd5 40. Ke3
Kg8 41. Kd4 Bc6 42. Bc1 Kf7 43. Bg5 Bh8 44. h3 Bg7 45. g4 hxg4 46. hxg4 Bf8 47.
e6+ Ke8 48. f6 Kd8 49. f7+ Kc8 50. e7 Bg7+ 51. Kd3 1-0

[Event "Weekend Vitinia"]
[Site "Roma ITA"]
[Date "1997.11.??"]
[Round "5"]
[White "Lavieri, Doriano"]
[Black "Campagna, Maurizio"]
[Result "0-1"]
[WhiteElo "1855"]
[BlackElo "1573"]
[PlyCount "64"]
[EventDate "1997.11.??"]

1. d4 Nf6 2. c4 e6 3. Nf3 b6 4. a3 Bb7 5. Nc3 Be7 6. d5 d6 7. e4 e5 8. b4 Nbd7
9. Be2 O-O 10. O-O Ne8 11. Ne1 f5 12. f3 f4 13. Nd3 Ba6 14. Qb3 Rf6 15. Bd2 Rh6
16. Be1 Bh4 17. Bf2 Qg5 18. Bxh4 Qxh4 19. h3 Qg5 20. Kh1 Nef6 21. Ra2 Bc8 22.
Rd1 Nc5 23. bxc5 Bxh3 24. Bf1 Bxg2+ 25. Kg1 Bxf3+ 26. Bg2 Bxd1 27. Qxd1 Ng4 28.
Qd2 Ne3 29. Ne1 Qg3 30. Nf3 Rg6 31. Qf2 Nxg2 32. Qxg2 Qxf3 0-1

[Event "Weekend Vitinia"]
[Site "Roma ITA"]
[Date "1997.11.??"]
[Round "5"]
[White "Luzi, Alessandro"]
[Black "Montecchi, Ugo"]
[Result "0-1"]
[WhiteElo "1540"]
[BlackElo "1833"]
[PlyCount "40"]
[EventDate "1997.11.??"]

1. e4 c5 2. Nf3 d6 3. d4 cxd4 4. Nxd4 Nf6 5. Nc3 g6 6. Be3 Bg7 7. f3 O-O 8. Qd2
Nc6 9. Bc4 Bd7 10. O-O-O Rc8 11. h4 Nxd4 12. Qxd4 Ng4 13. Qd2 Nxe3 14. Bb3 Nxd1
15. Nxd1 a5 16. Nc3 Rxc3 17. bxc3 a4 18. Bd5 e6 19. Bc4 Qc7 20. Bd3 Qxc3 0-1

[Event "Weekend Vitinia"]
[Site "Roma ITA"]
[Date "1997.11.??"]
[Round "5"]
[White "Mastroddi, Emiliano"]
[Black "De Blasio, Alessandro"]
[Result "1-0"]
[WhiteElo "1753"]
[BlackElo "1570"]
[PlyCount "83"]
[EventDate "1997.11.??"]

1. d4 d5 2. c4 e6 3. Nc3 Nf6 4. cxd5 exd5 5. e3 c6 6. Bd3 Bd6 7. Qc2 O-O 8. Bd2
Re8 9. Nge2 Nbd7 10. O-O-O b5 11. g4 g6 12. g5 Nh5 13. f4 Ng7 14. Ng3 Nb6 15.
h4 Nc4 16. Rde1 Bg4 17. h5 Nxd2 18. Kxd2 b4 19. Nd1 Qa5 20. b3 c5 21. hxg6 c4
22. gxf7+ Kxf7 23. Bxh7 c3+ 24. Kc1 Qa3+ 25. Kb1 Bxd1 26. Bg6+ Kg8 27. Rxd1
Rxe3 28. Nh5 Nxh5 29. Rxh5 Qb2+ 30. Qxb2 cxb2 31. Kxb2 Bxf4 32. Rdh1 Kg7 33.
Bc2 Rb8 34. Rh7+ Kf8 35. Rh8+ Kf7 36. R1h7+ Ke6 37. Rh6+ Kd7 38. Bf5+ Kc7 39.
R8h7+ Kd8 40. Rg6 Re2+ 41. Kb1 Rb6 42. Rd7+ 1-0

[Event "Weekend Vitinia"]
[Site "Roma ITA"]
[Date "1997.11.??"]
[Round "5"]
[White "Matano, Arturo"]
[Black "Iacoacci, Giancarlo"]
[Result "1-0"]
[WhiteElo "1705"]
[BlackElo "1600"]
[PlyCount "83"]
[EventDate "1997.11.??"]

1. d4 Nf6 2. Nf3 g6 3. Nc3 Bg7 4. e4 d6 5. Bc4 O-O 6. Qe2 Bg4 7. h3 Bxf3 8.
Qxf3 Nbd7 9. Bb3 c6 10. Be3 Qc7 11. O-O a6 12. Qe2 b5 13. a3 a5 14. f4 e6 15.
e5 Nd5 16. Ne4 dxe5 17. fxe5 Nxe3 18. Qxe3 c5 19. c3 cxd4 20. cxd4 Qb6 21. Rf3
a4 22. Ba2 b4 23. Bc4 Rac8 24. Rc1 bxa3 25. bxa3 Rc7 26. Nd6 Rc6 27. Rd1 Rxd6
28. exd6 Qxd6 29. Qd3 Nb6 30. d5 Qc5+ 31. Qe3 Qxe3+ 32. Rxe3 Nxc4 33. Re4 Nd6
34. Rxa4 exd5 35. Rxd5 Nf5 36. Rd7 Ne3 37. Kf2 Nf5 38. Kf3 h5 39. g4 hxg4+ 40.
Rxg4 Nd4+ 41. Rgxd4 Bxd4 42. Rxd4 1-0

[Event "Weekend Vitinia"]
[Site "Roma ITA"]
[Date "1997.11.??"]
[Round "5"]
[White "Pezzaldi, Roberto"]
[Black "Casella, Carlo"]
[Result "1/2-1/2"]
[WhiteElo "2095"]
[BlackElo "1588"]
[PlyCount "99"]
[EventDate "1997.11.??"]

1. c4 e5 2. Nc3 Nf6 3. g3 d6 4. Bg2 Nc6 5. Nf3 Be6 6. d3 Qd7 7. Ng5 Bg4 8. h3
Bf5 9. a3 h6 10. Nf3 Be7 11. b4 g5 12. g4 Bg6 13. Be3 a6 14. Nd2 Nd8 15. Qb3 c6
16. b5 axb5 17. cxb5 c5 18. a4 Ne6 19. Nd5 Nxd5 20. Qxd5 Rb8 21. b6 h5 22. gxh5
Bxh5 23. Nb3 f5 24. Bd2 Bf6 25. Qc4 Kf8 26. a5 e4 27. Bc3 Qe7 28. e3 Bf7 29.
Bxf6 Qxf6 30. Qc2 Nf4 31. exf4 Bxb3 32. Qc1 exd3 33. O-O g4 34. a6 bxa6 35.
Rxa6 gxh3 36. Bf3 Qd4 37. Qd2 Bd5 38. Bxd5 h2+ 39. Kh1 Qxd5+ 40. f3 c4 41. Qc3
Rh6 42. Ra7 Qg8 43. b7 Qd5 44. Qb4 Kf7 45. Qb6 Qc5 46. Qa6 d2 47. Ra8 Rhh8 48.
Qa4 Qc7 49. Qc2 Qxb7 50. Qxc4+ 1/2-1/2